<?xml version="1.0" encoding="UTF-8"?>
<record
    xmlns:xsi="http://www.w3.org/2001/XMLSchema-instance"
    xsi:schemaLocation="http://www.loc.gov/MARC21/slim http://www.loc.gov/standards/marcxml/schema/MARC21slim.xsd"
    xmlns="http://www.loc.gov/MARC21/slim">

  <leader>01245na  a2200277   4500</leader>
  <controlfield tag="001">16868</controlfield>
  <controlfield tag="003">MIRAKIL</controlfield>
  <controlfield tag="005">20181213154910.0</controlfield>
  <controlfield tag="008">161016b        tu            000 0      </controlfield>
  <datafield tag="020" ind1=" " ind2=" ">
    <subfield code="a">9758805002</subfield>
  </datafield>
  <datafield tag="035" ind1=" " ind2=" ">
    <subfield code="a">16868</subfield>
  </datafield>
  <datafield tag="040" ind1=" " ind2=" ">
    <subfield code="a">Milas</subfield>
    <subfield code="b">tur</subfield>
    <subfield code="c">TR-AnCHP</subfield>
  </datafield>
  <datafield tag="041" ind1=" " ind2=" ">
    <subfield code="a">tur</subfield>
  </datafield>
  <datafield tag="082" ind1=" " ind2=" ">
    <subfield code="a">342.561</subfield>
    <subfield code="b">T15t 2003</subfield>
  </datafield>
  <datafield tag="090" ind1=" " ind2=" ">
    <subfield code="a">342.561 T15t 2003</subfield>
  </datafield>
  <datafield tag="111" ind1=" " ind2=" ">
    <subfield code="a">TBMM Anayasa Hukuku Uluslararas&#x131; Sempozyumu</subfield>
    <subfield code="c">Ankara</subfield>
    <subfield code="d">2003</subfield>
  </datafield>
  <datafield tag="245" ind1=" " ind2=" ">
    <subfield code="a">T&#xFC;rkiye B&#xFC;y&#xFC;k Millet Meclisi Anayasa hukuku 1. uluslararas&#x131; sempozyumu</subfield>
    <subfield code="b">Avrupa Birli&#x11F;ine uyum &#xE7;er&#xE7;evesinde T&#xFC;rkiye Cumhuriyeti Anayasas&#x131;nda ger&#xE7;ekle&#x15F;tirilen ve ger&#xE7;ekle&#x15F;tirilmesi planlanan reformlar</subfield>
    <subfield code="b">22-24 Nisan 2003 bildiriler tart&#x131;&#x15F;malar de&#x11F;erlendirmeler</subfield>
    <subfield code="c">yay&#x131;na haz&#x131;rlayan Zafer G&#xF6;ren</subfield>
  </datafield>
  <datafield tag="246" ind1=" " ind2=" ">
    <subfield code="a">Avrupa Birli&#x11F;ine uyum &#xE7;er&#xE7;evesinde T&#xFC;rkiye Cumhuriyeti Anayasas&#x131;nda ger&#xE7;ekle&#x15F;tirilen ve ger&#xE7;ekle&#x15F;tirilmesi planlanan reformlar</subfield>
  </datafield>
  <datafield tag="260" ind1=" " ind2=" ">
    <subfield code="a">Ankara</subfield>
    <subfield code="b">TBMM</subfield>
    <subfield code="c">2003</subfield>
  </datafield>
  <datafield tag="300" ind1=" " ind2=" ">
    <subfield code="a">xvi, 518 s.</subfield>
    <subfield code="b">fot&#x11F;.</subfield>
    <subfield code="c">24 sm.</subfield>
  </datafield>
  <datafield tag="490" ind1=" " ind2=" ">
    <subfield code="a">T&#xFC;rkiye B&#xFC;y&#xFC;k Millet Meclisi Ba&#x15F;kanl&#x131;&#x11F;&#x131; yay&#x131;nlar&#x131;</subfield>
    <subfield code="v">1</subfield>
  </datafield>
  <datafield tag="650" ind1=" " ind2=" ">
    <subfield code="a">Anayasa hukuku</subfield>
    <subfield code="y">Toplant&#x131;lar</subfield>
    <subfield code="z">T&#xFC;rkiye</subfield>
  </datafield>
  <datafield tag="650" ind1=" " ind2=" ">
    <subfield code="a">Hak ve &#xF6;zg&#xFC;rl&#xFC;kler</subfield>
    <subfield code="x">Hukuk ve mevzuat</subfield>
    <subfield code="y">Toplant&#x131;lar</subfield>
    <subfield code="z">T&#xFC;rkiye</subfield>
  </datafield>
  <datafield tag="700" ind1=" " ind2=" ">
    <subfield code="a">G&#xF6;ren, Zafer</subfield>
  </datafield>
  <datafield tag="942" ind1=" " ind2=" ">
    <subfield code="2">ddc</subfield>
    <subfield code="c">BKS</subfield>
  </datafield>
  <datafield tag="952" ind1=" " ind2=" ">
    <subfield code="a">0001</subfield>
    <subfield code="b">0001</subfield>
    <subfield code="d">2016-10-16</subfield>
    <subfield code="e">2</subfield>
    <subfield code="l">0</subfield>
    <subfield code="o">342.561 T15t 2003</subfield>
    <subfield code="p">005364</subfield>
    <subfield code="r">2016-10-16 00:00:00</subfield>
    <subfield code="v">0.00</subfield>
    <subfield code="w">2016-10-16</subfield>
    <subfield code="y">BKS</subfield>
  </datafield>
  <datafield tag="999" ind1=" " ind2=" ">
    <subfield code="c">2833</subfield>
    <subfield code="d">2833</subfield>
  </datafield>
</record>
